MARC

LEADER 00000nam0a2200000 4500
001 79435
005 20231031094257.0
010 |a 5282010194 
035 |a (RuTPU)RU\TPU\book\85404 
090 |a 79435 
100 |a 20050817d1991 km y0rusy50 ca 
101 0 |a rus 
102 |a RU 
105 |a y g 000zy 
200 1 |a Арендный подряд  |e справочное пособие  |f М. Г. Лапуста, В. В. Масленников 
210 |a Москва  |c Экономика  |d 1991 
215 |a 238 с. 
610 1 |a экономика 
610 1 |a арендный подряд 
610 1 |a организация производства 
610 1 |a организация труда 
610 1 |a доходы, распределение 
610 1 |a доходы, использование 
610 1 |a оплата труда 
610 1 |a самофинансирование 
610 1 |a справочные пособия 
686 |a У9(2)09  |v LBC/SL-A  |2 rubbk 
700 1 |a Лапуста  |b М. Г.  |g Михаил Григорьевич 
701 1 |a Масленников  |b В. В.  |g Валерий Владимирович 
801 1 |a RU  |b 63413507  |c 20050817  |g PSBO 
801 2 |a RU  |b 63413507  |c 20101213  |g PSBO 
942 |c BK